Los cambios en el mercado de vivienda en 2013 (Registro nro. 44453)
[ vista simple ]
| 000 -CABECERA | |
|---|---|
| Longitud fija campo de control | 00880naa a2200229 4500 |
| 001 - NÚMERO DE CONTROL | |
| Número de control | 44453 |
| 003 - IDENTIFICADOR DE NÚMERO DE CONTROL | |
| Identificador del número de control | ES-MaCES |
| 005 - FECHA Y HORA DE LA ÚLTIMA TRANSACCIÓN | |
| Fecha y hora de la última transacción | 20141221114217.0 |
| 008 - CAMPO FIJO DE DESCRIPCIÓN FIJA--INFORMACIÓN GENERAL | |
| Códigos de información de longitud fija | 140305s2013 sp ||||| t||||||| ||spa d |
| 040 ## - FUENTE DE CATALOGACIÓN | |
| Centro catalogador de origen | ES-MaCES |
| Lengua de catalogación | spa |
| Centro transcriptor | ES-MaCES |
| 100 1# - ENCABEZAMIENTO PRINCIPAL--NOMBRE PERSONAL | |
| 9 (RLIN) | 22374 |
| Nombre de persona | Rodríguez López, Julio |
| 245 14 - MENCIÓN DE TÍTULO | |
| Título | Los cambios en el mercado de vivienda en 2013 |
| Mención de responsabilidad, etc. | Julio Rodríguez López |
| 500 ## - NOTA GENERAL | |
| Nota general | Bibliografía: 787 |
| 650 #4 - ASIENTO SECUNDARIO DE MATERIA--TÉRMINO DE MATERIA | |
| 9 (RLIN) | 28598 |
| Término de materia o nombre geográfico como elemento inicial | vivienda |
| 650 #4 - ASIENTO SECUNDARIO DE MATERIA--TÉRMINO DE MATERIA | |
| 9 (RLIN) | 29419 |
| Término de materia o nombre geográfico como elemento inicial | política de vivienda |
| 650 #4 - ASIENTO SECUNDARIO DE MATERIA--TÉRMINO DE MATERIA | |
| 9 (RLIN) | 31214 |
| Término de materia o nombre geográfico como elemento inicial | bienes inmuebles |
| 650 #4 - ASIENTO SECUNDARIO DE MATERIA--TÉRMINO DE MATERIA | |
| 9 (RLIN) | 31985 |
| Término de materia o nombre geográfico como elemento inicial | 2013 |
| 653 1# - TÉRMINO DE INDEXACIÓN--NO CONTROLADO | |
| Término no controlado | Vivienda-Construcción-Urbanismo |
| 773 0# - ENTRADA DE DOCUMENTO FUENTE | |
| Itemnumber del ítem fuente | 81019 |
| Lugar, editor y fecha de publicación | Madrid Ministerio de Fomento, Centro de Publicaciones |
| Otro identificador del documento | 083928 |
| Título | Ciudad y territorio, estudios territoriales |
| Número de control del registro relacionado | (ES-MaCES)25932 |
| Parte(s) relacionada(s) | vol. 45, n. 178 (invierno 2013) {55/970 R. 083928} ;p. 649-667 |
| 902 ## - CES. TIPO DE DOCUMENTO | |
| Tipodoc (006$c Sirtex) | ART Artículo de revista |
| 942 ## - ELEMENTOS KOHA | |
| Fuente de clasificaión o esquema | Clasificación propia del CES |
| Koha [por defecto] tipo de item | Artículos (1982-2017) |
| Parte de clasificación | Políticas Sectoriales |
No hay ítems disponibles.
